[Event "9 Round Open"]
[Site "Enniscrone, Sligo, IE"]
[Date "2026.02.05"]
[Round "6"]
[White "Morriss, Pete"]
[Black "Ashbrooke, Monika"]
[Result "1/2-1/2"]
[Board "14"]
[WhiteFideId "2500230"]
[BlackFideId "15600262"]
[BlackTitle "WCM"]
[WhiteElo "1931"]
[BlackElo "1628"]
[WhiteTeam "IRL"]
[BlackTeam "JCI"]
[WhiteClock "0:04:39"]
[BlackClock "0:35:57"]
[Variant "Standard"]

1. d4 {[%clk 1:30:12]}  e6 {[%clk 1:30:36]} 2. Nf3 {[%clk 1:30:16]}  d5 {[%clk 1:30:54]} 3. c4 {[%clk 1:30:22]}  Nf6 {[%clk 1:30:24]} 4. Nc3 {[%clk 1:30:35]}  g6 {[%clk 1:30:08]} 5. Bg5 {[%clk 1:28:56]}  Bg7 {[%clk 1:30:14]} 6. e3 {[%clk 1:19:17]}  c5 {[%clk 1:29:37]} 7. dxc5 {[%clk 1:14:29]}  Qa5 {[%clk 1:27:01]} 8. Qd2 {[%clk 1:06:44]}  dxc4 {[%clk 1:22:23]} 9. Bxc4 {[%clk 0:52:37]}  O-O {[%clk 1:20:49]} 10. Nb5 {[%clk 0:46:56]}  Qxd2+ {[%clk 1:13:26]} 11. Nxd2 {[%clk 0:44:42]}  Na6 {[%clk 1:13:32]} 12. Bf4 {[%clk 0:39:52]}  Bd7 {[%clk 1:08:32]} 13. Nc7 {[%clk 0:36:38]}  Nxc7 {[%clk 1:08:24]} 14. Bxc7 {[%clk 0:37:00]}  Bc6 {[%clk 1:07:38]} 15. Bd6 {[%clk 0:33:25]}  Rfd8 {[%clk 1:07:27]} 16. Nf3 {[%clk 0:29:54]}  Ne4 {[%clk 1:06:31]} 17. Rd1 {[%clk 0:27:43]}  Bxb2 {[%clk 1:04:50]} 18. Nd4 {[%clk 0:26:26]}  Bc3+ {[%clk 0:59:26]} 19. Ke2 {[%clk 0:25:50]}  Bb4 {[%clk 0:57:12]} 20. Rc1 {[%clk 0:17:55]}  Nc3+ {[%clk 0:50:35]} 21. Kf1 {[%clk 0:15:28]}  Ne4 {[%clk 0:40:29]} 22. Nxc6 {[%clk 0:09:36]}  bxc6 {[%clk 0:40:50]} 23. Ke2 {[%clk 0:07:42]}  Nxd6 {[%clk 0:41:03]} 24. cxd6 {[%clk 0:08:08]}  Rxd6 {[%clk 0:41:26]} 25. Rhd1 {[%clk 0:07:55]}  Rxd1 {[%clk 0:41:15]} 26. Rxd1 {[%clk 0:08:02]}  Kf8 {[%clk 0:39:11]} 27. Rd7 {[%clk 0:07:44]}  Ke8 {[%clk 0:37:57]} 28. Rc7 {[%clk 0:07:47]}  c5 {[%clk 0:38:16]} 29. Bb5+ {[%clk 0:07:54]}  Kf8 {[%clk 0:37:24]} 30. e4 {[%clk 0:06:30]}  a5 {[%clk 0:36:37]} 31. f4 {[%clk 0:06:09]}  Rd8 {[%clk 0:36:11]} 32. Rd7 {[%clk 0:04:50]}  Rxd7 {[%clk 0:35:57]} 33. Bxd7 {[%clk 0:04:39]} 1/2-1/2

[Event "9 Round Open"]
[Site "Enniscrone, Sligo, IE"]
[Date "2026.02.05"]
[Round "6"]
[White "Bienko, Jagoda"]
[Black "Armstrong, Chris"]
[Result "0-1"]
[Board "15"]
[WhiteFideId "1194569"]
[BlackFideId "2510340"]
[WhiteElo "1803"]
[BlackElo "1648"]
[WhiteTeam "AUT"]
[BlackTeam "IRL"]
[WhiteClock "1:03:07"]
[BlackClock "0:46:43"]
[Variant "Standard"]

1. d4 {[%clk 1:30:54]}  f5 {[%clk 1:18:26]} 2. c4 {[%clk 1:31:15]}  Nf6 {[%clk 1:18:49]} 3. Nc3 {[%clk 1:31:24]}  e6 {[%clk 1:19:05]} 4. g3 {[%clk 1:31:03]}  Be7 {[%clk 1:19:30]} 5. Bg2 {[%clk 1:31:29]}  O-O {[%clk 1:19:29]} 6. Nf3 {[%clk 1:31:27]}  d6 {[%clk 1:19:51]} 7. O-O {[%clk 1:31:51]}  Ne4 {[%clk 1:16:23]} 8. Qc2 {[%clk 1:27:05]}  Nxc3 {[%clk 1:14:23]} 9. Qxc3 {[%clk 1:26:03]}  Bf6 {[%clk 1:14:38]} 10. Bd2 {[%clk 1:21:10]}  c5 {[%clk 1:14:11]} 11. Qd3 {[%clk 1:20:24]}  Nc6 {[%clk 1:13:40]} 12. e3 {[%clk 1:17:44]}  Qb6 {[%clk 1:09:41]} 13. Bc3 {[%clk 1:11:14]}  cxd4 {[%clk 1:06:37]} 14. exd4 {[%clk 1:10:03]}  e5 {[%clk 1:03:53]} 15. dxe5 {[%clk 1:10:08]}  dxe5 {[%clk 1:01:40]} 16. Qd5+ {[%clk 1:09:42]}  Kh8 {[%clk 1:01:10]} 17. Nxe5 {[%clk 1:09:43]}  Nxe5 {[%clk 1:00:01]} 18. Bxe5 {[%clk 1:09:20]}  Rd8 {[%clk 0:56:27]} 19. Bxf6 {[%clk 1:05:12]}  Rxd5 {[%clk 0:56:03]} 20. Bxg7+ {[%clk 1:04:59]}  Kxg7 {[%clk 0:55:55]} 21. cxd5 {[%clk 1:05:22]}  Qd6 {[%clk 0:55:18]} 22. Rad1 {[%clk 1:05:37]}  Bd7 {[%clk 0:55:14]} 23. Rfe1 {[%clk 1:05:33]}  Re8 {[%clk 0:55:14]} 24. Rxe8 {[%clk 1:04:57]}  Bxe8 {[%clk 0:55:31]} 25. Re1 {[%clk 1:04:31]}  Bd7 {[%clk 0:53:09]} 26. Bf3 {[%clk 1:03:13]}  Kf6 {[%clk 0:50:42]} 27. Kg2 {[%clk 1:03:37]}  b6 {[%clk 0:49:26]} 28. h4 {[%clk 1:04:01]}  Kg7 {[%clk 0:47:44]} 29. Re2 {[%clk 1:04:11]}  Bc8 {[%clk 0:47:03]} 30. Kf1 {[%clk 1:03:07]}  Ba6 {[%clk 0:46:43]} 0-1

[Event "9 Round Open"]
[Site "Enniscrone, Sligo, IE"]
[Date "2026.02.05"]
[Round "6"]
[White "Saine, Zachary"]
[Black "Kim, Jimin"]
[Result "1-0"]
[Board "16"]
[WhiteFideId "2624346"]
[BlackFideId "13224271"]
[WhiteElo "2149"]
[BlackElo "1776"]
[WhiteTeam "CAN"]
[BlackTeam "KOR"]
[WhiteClock "0:15:34"]
[BlackClock "0:04:53"]
[Variant "Standard"]

1. d4 {[%clk 1:30:28]}  Nf6 {[%clk 1:30:48]} 2. c4 {[%clk 1:30:51]}  e6 {[%clk 1:30:55]} 3. Nc3 {[%clk 1:31:15]}  Bb4 {[%clk 1:31:17]} 4. f3 {[%clk 1:31:40]}  c5 {[%clk 1:30:12]} 5. a3 {[%clk 1:31:11]}  Ba5 {[%clk 1:25:18]} 6. e4 {[%clk 1:23:05]}  d6 {[%clk 1:17:30]} 7. d5 {[%clk 1:21:38]}  Bxc3+ {[%clk 1:17:01]} 8. bxc3 {[%clk 1:22:03]}  e5 {[%clk 1:17:02]} 9. Bd3 {[%clk 1:22:03]}  Nbd7 {[%clk 1:15:27]} 10. Ne2 {[%clk 1:21:41]}  O-O {[%clk 1:12:36]} 11. O-O {[%clk 1:21:53]}  Ne8 {[%clk 1:07:06]} 12. g4 {[%clk 1:14:38]}  Qh4 {[%clk 1:02:27]} 13. Ng3 {[%clk 1:14:14]}  g6 {[%clk 1:01:51]} 14. Be3 {[%clk 1:11:27]}  Ng7 {[%clk 0:57:32]} 15. Qd2 {[%clk 1:08:33]}  Qe7 {[%clk 0:56:32]} 16. Bg5 {[%clk 1:07:36]}  f6 {[%clk 0:55:42]} 17. Bh6 {[%clk 1:07:20]}  Rd8 {[%clk 0:50:53]} 18. h4 {[%clk 1:06:10]}  Nf8 {[%clk 0:46:12]} 19. Rf2 {[%clk 0:59:41]}  Re8 {[%clk 0:38:30]} 20. Raf1 {[%clk 0:58:19]}  Rb8 {[%clk 0:34:27]} 21. Qd1 {[%clk 0:47:18]}  Qd7 {[%clk 0:30:03]} 22. Rg2 {[%clk 0:45:38]}  Re7 {[%clk 0:28:21]} 23. Be2 {[%clk 0:40:46]}  a6 {[%clk 0:26:28]} 24. f4 {[%clk 0:37:14]}  Rf7 {[%clk 0:22:19]} 25. f5 {[%clk 0:28:46]}  Ne8 {[%clk 0:21:11]} 26. g5 {[%clk 0:28:11]}  b5 {[%clk 0:16:55]} 27. gxf6 {[%clk 0:21:24]}  Rxf6 {[%clk 0:10:20]} 28. cxb5 {[%clk 0:16:46]}  axb5 {[%clk 0:10:25]} 29. h5 {[%clk 0:14:19]}  Ng7 {[%clk 0:05:22]} 30. hxg6 {[%clk 0:14:40]}  hxg6 {[%clk 0:05:35]} 31. Bxg7 {[%clk 0:15:05]}  Kxg7 {[%clk 0:04:53]} 32. Nh5+ {[%clk 0:15:34]} 1-0

[Event "9 Round Open"]
[Site "Enniscrone, Sligo, IE"]
[Date "2026.02.05"]
[Round "6"]
[White "Smith, Lynda"]
[Black "Webb, Nick"]
[Result "0-1"]
[Board "17"]
[WhiteFideId "1800191"]
[BlackFideId "2517302"]
[WhiteTitle "WCM"]
[WhiteElo "1822"]
[BlackElo "1876"]
[WhiteTeam "WLS"]
[BlackTeam "IRL"]
[WhiteClock "0:32:00"]
[BlackClock "0:32:38"]
[Variant "Standard"]

1. e4 {[%clk 1:29:43]}  c5 {[%clk 1:30:51]} 2. Nc3 {[%clk 1:29:54]}  a6 {[%clk 1:30:47]} 3. g3 {[%clk 1:30:10]}  Nc6 {[%clk 1:30:16]} 4. Bg2 {[%clk 1:30:35]}  g6 {[%clk 1:26:32]} 5. d3 {[%clk 1:30:55]}  Bg7 {[%clk 1:26:36]} 6. Be3 {[%clk 1:31:04]}  d6 {[%clk 1:25:26]} 7. Qd2 {[%clk 1:30:42]}  Rb8 {[%clk 1:23:18]} 8. Nf3 {[%clk 1:29:25]}  e5 {[%clk 1:22:32]} 9. Nd5 {[%clk 1:28:54]}  Nge7 {[%clk 1:21:40]} 10. Bg5 {[%clk 1:28:14]}  Be6 {[%clk 1:15:27]} 11. Bf6 {[%clk 1:25:09]}  O-O {[%clk 1:14:02]} 12. Nxe7+ {[%clk 1:15:52]}  Nxe7 {[%clk 1:13:56]} 13. Bxg7 {[%clk 1:15:17]}  Kxg7 {[%clk 1:14:18]} 14. h4 {[%clk 1:15:18]}  h5 {[%clk 1:13:35]} 15. Ng5 {[%clk 1:14:50]}  Bd7 {[%clk 1:13:06]} 16. O-O {[%clk 1:11:42]}  f6 {[%clk 1:12:54]} 17. Nh3 {[%clk 1:11:44]}  b5 {[%clk 1:12:42]} 18. c3 {[%clk 1:11:00]}  b4 {[%clk 1:11:00]} 19. d4 {[%clk 1:10:15]}  Qc8 {[%clk 1:03:32]} 20. Kh2 {[%clk 1:09:44]}  Qc7 {[%clk 1:00:39]} 21. Rfd1 {[%clk 1:08:52]}  Rfd8 {[%clk 0:59:17]} 22. Bf3 {[%clk 1:06:16]}  Qb6 {[%clk 0:56:17]} 23. Be2 {[%clk 1:02:22]}  Ba4 {[%clk 0:52:55]} 24. Rdb1 {[%clk 0:57:00]}  cxd4 {[%clk 0:50:34]} 25. cxd4 {[%clk 0:56:15]}  Nc6 {[%clk 0:50:05]} 26. d5 {[%clk 0:55:15]}  Nd4 {[%clk 0:49:51]} 27. b3 {[%clk 0:49:40]}  Bb5 {[%clk 0:48:54]} 28. Bd1 {[%clk 0:49:23]}  a5 {[%clk 0:48:25]} 29. Kg2 {[%clk 0:48:31]}  Rdc8 {[%clk 0:45:33]} 30. Rc1 {[%clk 0:47:54]}  Qa6 {[%clk 0:45:03]} 31. Ng1 {[%clk 0:45:48]}  Bf1+ {[%clk 0:42:53]} 32. Kh1 {[%clk 0:44:02]}  Qd3 {[%clk 0:40:39]} 33. Qxd3 {[%clk 0:41:35]}  Bxd3 {[%clk 0:41:03]} 34. f3 {[%clk 0:40:58]}  Rc3 {[%clk 0:39:52]} 35. Kg2 {[%clk 0:39:01]}  Rbc8 {[%clk 0:39:19]} 36. Rxc3 {[%clk 0:39:06]}  bxc3 {[%clk 0:39:27]} 37. Rc1 {[%clk 0:34:54]}  c2 {[%clk 0:39:29]} 38. Bxc2 {[%clk 0:35:18]}  Rxc2+ {[%clk 0:39:43]} 39. Rxc2 {[%clk 0:35:44]}  Bxc2 {[%clk 0:40:06]} 40. Kf2 {[%clk 0:35:49]}  Bb1 {[%clk 0:40:08]} 41. a3 {[%clk 0:35:32]}  Nxb3 {[%clk 0:39:46]} 42. Ne2 {[%clk 0:35:52]}  Nd4 {[%clk 0:39:08]} 43. Nc3 {[%clk 0:35:34]}  Bd3 {[%clk 0:39:08]} 44. Ke3 {[%clk 0:34:33]}  Ba6 {[%clk 0:39:09]} 45. a4 {[%clk 0:34:25]}  Kf7 {[%clk 0:38:09]} 46. f4 {[%clk 0:33:55]}  Ke7 {[%clk 0:37:35]} 47. Nd1 {[%clk 0:33:06]}  Be2 {[%clk 0:34:24]} 48. Nc3 {[%clk 0:33:14]}  Bg4 {[%clk 0:34:17]} 49. Kd3 {[%clk 0:33:18]}  Kd7 {[%clk 0:33:58]} 50. Kc4 {[%clk 0:32:48]}  Be2+ {[%clk 0:33:10]} 51. Nxe2 {[%clk 0:33:13]}  Nxe2 {[%clk 0:33:29]} 52. f5 {[%clk 0:31:45]}  gxf5 {[%clk 0:32:27]} 53. exf5 {[%clk 0:32:00]}  Nxg3 {[%clk 0:32:38]} 0-1

[Event "9 Round Open"]
[Site "Enniscrone, Sligo, IE"]
[Date "2026.02.05"]
[Round "6"]
[White "Mabhena, Vladimir"]
[Black "Konig, Jon"]
[Result "0-1"]
[Board "18"]
[WhiteFideId "2519143"]
[BlackFideId "343468780"]
[WhiteElo "1546"]
[BlackElo "1661"]
[WhiteTeam "IRL"]
[BlackTeam "ENG"]
[WhiteClock "0:32:25"]
[BlackClock "0:29:32"]
[Variant "Standard"]

1. e4 {[%clk 1:30:54]}  d5 {[%clk 1:30:19]} 2. exd5 {[%clk 1:31:00]}  Qxd5 {[%clk 1:30:40]} 3. Nc3 {[%clk 1:31:06]}  Qd8 {[%clk 1:31:00]} 4. Nf3 {[%clk 1:31:18]}  Nf6 {[%clk 1:31:25]} 5. d4 {[%clk 1:31:27]}  Bf5 {[%clk 1:31:44]} 6. Bf4 {[%clk 1:30:40]}  c6 {[%clk 1:31:31]} 7. Bd3 {[%clk 1:28:20]}  Bxd3 {[%clk 1:32:19]} 8. Qxd3 {[%clk 1:28:45]}  e6 {[%clk 1:32:29]} 9. O-O-O {[%clk 1:28:04]}  Nbd7 {[%clk 1:30:55]} 10. h3 {[%clk 1:25:54]}  Nd5 {[%clk 1:27:52]} 11. Nxd5 {[%clk 1:22:32]}  cxd5 {[%clk 1:28:19]} 12. Rhe1 {[%clk 1:20:53]}  Be7 {[%clk 1:23:53]} 13. g4 {[%clk 1:19:17]}  Qa5 {[%clk 1:24:01]} 14. Qb3 {[%clk 1:18:45]}  Qb4 {[%clk 1:22:38]} 15. Qxb4 {[%clk 1:18:30]}  Bxb4 {[%clk 1:23:06]} 16. Re3 {[%clk 1:18:47]}  Ba5 {[%clk 1:19:33]} 17. Bd6 {[%clk 1:15:44]}  Rc8 {[%clk 1:15:23]} 18. Nd2 {[%clk 1:13:43]}  Bc7 {[%clk 1:15:42]} 19. Ba3 {[%clk 1:12:58]}  Nb6 {[%clk 1:13:14]} 20. Rf3 {[%clk 1:05:37]}  Bd8 {[%clk 1:12:12]} 21. Rb3 {[%clk 1:00:12]}  Be7 {[%clk 1:12:22]} 22. Bxe7 {[%clk 1:00:02]}  Kxe7 {[%clk 1:12:50]} 23. f4 {[%clk 1:00:17]}  Rc7 {[%clk 1:11:32]} 24. Nf3 {[%clk 1:00:19]}  Re8 {[%clk 1:07:36]} 25. Re1 {[%clk 0:57:57]}  Kf8 {[%clk 1:07:29]} 26. Ree3 {[%clk 0:52:47]}  Rec8 {[%clk 1:05:02]} 27. c3 {[%clk 0:51:15]}  Nc4 {[%clk 1:04:43]} 28. Re2 {[%clk 0:48:54]}  Nd6 {[%clk 1:02:52]} 29. Nd2 {[%clk 0:47:18]}  g6 {[%clk 1:00:36]} 30. Re5 {[%clk 0:46:51]}  Re8 {[%clk 0:59:20]} 31. g5 {[%clk 0:44:00]}  Nf5 {[%clk 0:58:42]} 32. a4 {[%clk 0:42:48]}  Nxd4 {[%clk 0:58:34]} 33. Ra3 {[%clk 0:42:51]}  Nc6 {[%clk 0:57:07]} 34. Re1 {[%clk 0:42:41]}  Nb4 {[%clk 0:53:58]} 35. Kb1 {[%clk 0:42:17]}  Nd3 {[%clk 0:51:32]} 36. Rf1 {[%clk 0:42:24]}  Kg7 {[%clk 0:49:45]} 37. b4 {[%clk 0:42:21]}  e5 {[%clk 0:40:58]} 38. Rf3 {[%clk 0:34:59]}  Nxf4 {[%clk 0:40:19]} 39. Ka2 {[%clk 0:35:06]}  Ne6 {[%clk 0:36:28]} 40. Kb3 {[%clk 0:35:27]}  Nxg5 {[%clk 0:36:37]} 41. Rd3 {[%clk 0:35:30]}  Rd7 {[%clk 0:35:10]} 42. Ra1 {[%clk 0:35:16]}  e4 {[%clk 0:34:18]} 43. Re3 {[%clk 0:34:02]}  f5 {[%clk 0:33:45]} 44. h4 {[%clk 0:34:12]}  Nf7 {[%clk 0:32:37]} 45. Rf1 {[%clk 0:34:19]}  Ne5 {[%clk 0:31:00]} 46. h5 {[%clk 0:32:49]}  d4 {[%clk 0:30:51]} 47. cxd4 {[%clk 0:32:37]}  Rd6 {[%clk 0:30:48]} 48. d5 {[%clk 0:32:37]}  Rxd5 {[%clk 0:31:18]} 49. Kc3 {[%clk 0:32:42]}  Rxd2 {[%clk 0:30:40]} 50. Kxd2 {[%clk 0:32:51]}  Nc4+ {[%clk 0:31:02]} 51. Ke2 {[%clk 0:33:15]}  Nxe3 {[%clk 0:31:26]} 52. Kxe3 {[%clk 0:33:37]}  Kf6 {[%clk 0:30:15]} 53. Rd1 {[%clk 0:32:25]}  Re7 {[%clk 0:29:32]} 0-1

[Event "9 Round Open"]
[Site "Enniscrone, Sligo, IE"]
[Date "2026.02.05"]
[Round "6"]
[White "Kelbas, Dariy"]
[Black "Prado, Alexandra"]
[Result "0-1"]
[Board "19"]
[WhiteFideId "34160515"]
[BlackFideId "3301346"]
[BlackTitle "WCM"]
[WhiteElo "1866"]
[BlackElo "1924"]
[WhiteTeam "UKR"]
[BlackTeam "BOL"]
[WhiteClock "0:20:28"]
[BlackClock "0:03:55"]
[Variant "Standard"]

1. Nf3 {[%clk 1:30:57]}  g6 {[%clk 1:30:35]} 2. e3 {[%clk 1:30:50]}  Bg7 {[%clk 1:30:38]} 3. d4 {[%clk 1:31:13]}  Nf6 {[%clk 1:30:31]} 4. b3 {[%clk 1:31:37]}  d6 {[%clk 1:30:15]} 5. Bb2 {[%clk 1:32:02]}  O-O {[%clk 1:29:28]} 6. Be2 {[%clk 1:32:27]}  Nbd7 {[%clk 1:29:20]} 7. O-O {[%clk 1:32:39]}  b6 {[%clk 1:28:50]} 8. c4 {[%clk 1:32:49]}  Bb7 {[%clk 1:26:03]} 9. Nc3 {[%clk 1:32:58]}  Ne4 {[%clk 1:25:04]} 10. Nxe4 {[%clk 1:32:09]}  Bxe4 {[%clk 1:25:31]} 11. Nd2 {[%clk 1:32:31]}  Bb7 {[%clk 1:25:46]} 12. Bf3 {[%clk 1:32:27]}  Bxf3 {[%clk 1:25:21]} 13. Nxf3 {[%clk 1:32:49]}  c5 {[%clk 1:16:56]} 14. Qc2 {[%clk 1:30:24]}  Qb8 {[%clk 1:12:17]} 15. dxc5 {[%clk 1:28:11]}  Bxb2 {[%clk 1:05:27]} 16. Qxb2 {[%clk 1:28:27]}  Nxc5 {[%clk 1:03:44]} 17. Nd4 {[%clk 1:24:13]}  Qb7 {[%clk 1:02:19]} 18. Rfd1 {[%clk 1:22:41]}  Rac8 {[%clk 0:53:06]} 19. a4 {[%clk 1:19:36]}  a6 {[%clk 0:46:24]} 20. Rab1 {[%clk 1:15:07]}  Ne4 {[%clk 0:42:12]} 21. Ne2 {[%clk 1:10:57]}  Rc5 {[%clk 0:39:44]} 22. Nf4 {[%clk 1:06:58]}  Rfc8 {[%clk 0:30:22]} 23. Nd5 {[%clk 1:03:22]}  h5 {[%clk 0:17:25]} 24. Ra1 {[%clk 0:56:46]}  e6 {[%clk 0:16:46]} 25. Nf6+ {[%clk 0:56:00]}  Nxf6 {[%clk 0:17:01]} 26. Qxf6 {[%clk 0:56:19]}  Rf5 {[%clk 0:16:16]} 27. Qd4 {[%clk 0:54:38]}  d5 {[%clk 0:13:38]} 28. Qb2 {[%clk 0:48:29]}  dxc4 {[%clk 0:11:11]} 29. bxc4 {[%clk 0:48:40]}  Rg5 {[%clk 0:11:18]} 30. f4 {[%clk 0:48:34]}  Rgc5 {[%clk 0:11:29]} 31. Rac1 {[%clk 0:46:26]}  Qe4 {[%clk 0:09:17]} 32. Rc3 {[%clk 0:39:02]}  Rxc4 {[%clk 0:05:38]} 33. Rcd3 {[%clk 0:39:08]}  e5 {[%clk 0:05:25]} 34. R1d2 {[%clk 0:29:44]}  h4 {[%clk 0:04:27]} 35. Kf2 {[%clk 0:26:41]}  Kh7 {[%clk 0:03:34]} 36. fxe5 {[%clk 0:25:14]}  Qf5+ {[%clk 0:02:44]} 37. Kg1 {[%clk 0:22:19]}  Rc1+ {[%clk 0:02:54]} 38. Rd1 {[%clk 0:22:43]}  R8c2 {[%clk 0:02:52]} 39. Qxc2 {[%clk 0:19:40]}  Rxc2 {[%clk 0:03:11]} 40. R3d2 {[%clk 0:19:57]}  Rxd2 {[%clk 0:03:24]} 41. Rxd2 {[%clk 0:20:23]}  Qxe5 {[%clk 0:03:39]} 42. Kf2 {[%clk 0:20:28]}  Qxh2 {[%clk 0:03:55]} 0-1

[Event "9 Round Open"]
[Site "Enniscrone, Sligo, IE"]
[Date "2026.02.06"]
[Round "7"]
[White "Blohberger, Felix"]
[Black "Risteski, Emil"]
[Result "1-0"]
[Board "1"]
[WhiteFideId "1632051"]
[BlackFideId "15005267"]
[WhiteTitle "GM"]
[BlackTitle "IM"]
[WhiteElo "2543"]
[BlackElo "2410"]
[WhiteTeam "AUT"]
[BlackTeam "MKD"]
[WhiteClock "0:13:06"]
[BlackClock "0:06:09"]
[Variant "Standard"]

1. Nf3 {[%clk 1:30:56]}  Nf6 {[%clk 1:29:14]} 2. c4 {[%clk 1:31:05]}  g6 {[%clk 1:29:37]} 3. Nc3 {[%clk 1:31:19]}  Bg7 {[%clk 1:30:03]} 4. g3 {[%clk 1:31:35]}  O-O {[%clk 1:30:08]} 5. Bg2 {[%clk 1:32:02]}  d6 {[%clk 1:30:28]} 6. O-O {[%clk 1:32:25]}  e5 {[%clk 1:30:38]} 7. d3 {[%clk 1:32:37]}  a5 {[%clk 1:21:47]} 8. Rb1 {[%clk 1:26:34]}  Re8 {[%clk 1:13:56]} 9. e4 {[%clk 1:26:31]}  Bg4 {[%clk 1:13:51]} 10. h3 {[%clk 1:26:34]}  Bxf3 {[%clk 1:14:15]} 11. Qxf3 {[%clk 1:26:22]}  Nc6 {[%clk 1:12:17]} 12. Be3 {[%clk 1:23:51]}  Nd7 {[%clk 1:08:58]} 13. Qd1 {[%clk 1:20:48]}  Nc5 {[%clk 1:03:41]} 14. b3 {[%clk 1:12:53]}  Nd4 {[%clk 1:00:58]} 15. h4 {[%clk 1:08:55]}  c6 {[%clk 0:53:29]} 16. a3 {[%clk 1:07:02]}  Nce6 {[%clk 0:52:54]} 17. h5 {[%clk 1:03:06]}  f5 {[%clk 0:53:04]} 18. hxg6 {[%clk 0:58:59]}  hxg6 {[%clk 0:51:41]} 19. exf5 {[%clk 0:58:29]}  gxf5 {[%clk 0:51:41]} 20. Ne2 {[%clk 0:49:03]}  Nxe2+ {[%clk 0:47:49]} 21. Qxe2 {[%clk 0:46:15]}  f4 {[%clk 0:46:39]} 22. Bd2 {[%clk 0:45:45]}  Qg5 {[%clk 0:45:14]} 23. Bh3 {[%clk 0:44:24]}  Qg6 {[%clk 0:35:26]} 24. Qe4 {[%clk 0:34:32]}  Qh5 {[%clk 0:33:21]} 25. Bxe6+ {[%clk 0:32:13]}  Rxe6 {[%clk 0:33:44]} 26. Bxf4 {[%clk 0:32:27]}  Bh6 {[%clk 0:33:06]} 27. Be3 {[%clk 0:29:16]}  Bxe3 {[%clk 0:22:23]} 28. fxe3 {[%clk 0:29:19]}  Rh6 {[%clk 0:21:50]} 29. Rb2 {[%clk 0:28:09]}  Kh8 {[%clk 0:11:20]} 30. Qf3 {[%clk 0:18:58]}  Qh3 {[%clk 0:11:39]} 31. g4 {[%clk 0:19:08]}  Rg8 {[%clk 0:11:27]} 32. Rg2 {[%clk 0:18:47]}  e4 {[%clk 0:07:26]} 33. dxe4 {[%clk 0:17:51]}  Qxf3 {[%clk 0:07:31]} 34. Rxf3 {[%clk 0:18:15]}  Re6 {[%clk 0:07:59]} 35. Rh2+ {[%clk 0:14:28]}  Kg7 {[%clk 0:08:23]} 36. Rh5 {[%clk 0:14:49]}  a4 {[%clk 0:06:53]} 37. Rg5+ {[%clk 0:13:39]}  Rg6 {[%clk 0:07:07]} 38. Rxg6+ {[%clk 0:14:01]}  Kxg6 {[%clk 0:07:35]} 39. b4 {[%clk 0:14:26]}  Re8 {[%clk 0:05:36]} 40. Rf4 {[%clk 0:13:42]}  d5 {[%clk 0:05:48]} 41. exd5 {[%clk 0:12:43]}  cxd5 {[%clk 0:06:09]} 42. Kf2 {[%clk 0:13:06]} 1-0

[Event "9 Round Open"]
[Site "Enniscrone, Sligo, IE"]
[Date "2026.02.06"]
[Round "7"]
[White "Krastev, Alexander"]
[Black "Woods, Yannick"]
[Result "1/2-1/2"]
[Board "2"]
[WhiteFideId "12989983"]
[BlackFideId "2518384"]
[WhiteTitle "IM"]
[WhiteElo "2433"]
[BlackElo "1971"]
[WhiteTeam "GER"]
[BlackTeam "IRL"]
[WhiteClock "0:03:19"]
[BlackClock "0:01:02"]
[Variant "Standard"]

1. c4 {[%clk 1:29:47]}  c5 {[%clk 1:29:50]} 2. g3 {[%clk 1:29:39]}  g6 {[%clk 1:30:14]} 3. Bg2 {[%clk 1:30:05]}  Bg7 {[%clk 1:30:40]} 4. Nc3 {[%clk 1:30:32]}  Nc6 {[%clk 1:31:05]} 5. d3 {[%clk 1:30:58]}  e6 {[%clk 1:30:41]} 6. Bxc6 {[%clk 1:29:55]}  bxc6 {[%clk 1:24:16]} 7. Qd2 {[%clk 1:30:11]}  d6 {[%clk 1:13:54]} 8. b3 {[%clk 1:30:14]}  Ne7 {[%clk 1:13:45]} 9. Bb2 {[%clk 1:25:14]}  O-O {[%clk 1:13:46]} 10. f4 {[%clk 1:22:58]}  Nf5 {[%clk 1:10:47]} 11. O-O-O {[%clk 1:15:09]}  e5 {[%clk 1:04:39]} 12. Nf3 {[%clk 0:39:49]}  Re8 {[%clk 0:56:00]} 13. Ne4 {[%clk 0:32:29]}  a5 {[%clk 0:53:57]} 14. g4 {[%clk 0:10:09]}  Nd4 {[%clk 0:53:00]} 15. h3 {[%clk 0:09:11]}  a4 {[%clk 0:41:09]} 16. fxe5 {[%clk 0:09:06]}  axb3 {[%clk 0:39:09]} 17. Nxd4 {[%clk 0:08:45]}  cxd4 {[%clk 0:38:51]} 18. axb3 {[%clk 0:08:37]}  Bxe5 {[%clk 0:35:48]} 19. Rhf1 {[%clk 0:07:32]}  c5 {[%clk 0:29:47]} 20. Qh6 {[%clk 0:05:02]}  f5 {[%clk 0:24:59]} 21. Ng5 {[%clk 0:03:03]}  Qe7 {[%clk 0:22:42]} 22. h4 {[%clk 0:03:20]}  Qg7 {[%clk 0:19:21]} 23. Qxg7+ {[%clk 0:03:46]}  Bxg7 {[%clk 0:19:49]} 24. gxf5 {[%clk 0:03:53]}  Bxf5 {[%clk 0:20:10]} 25. Rf2 {[%clk 0:04:03]}  Rab8 {[%clk 0:17:27]} 26. Kc2 {[%clk 0:04:32]}  Re7 {[%clk 0:17:44]} 27. Ra1 {[%clk 0:04:09]}  Rbe8 {[%clk 0:13:29]} 28. Kd1 {[%clk 0:04:39]}  h6 {[%clk 0:12:02]} 29. Nf3 {[%clk 0:05:08]}  Bg4 {[%clk 0:12:20]} 30. Kd2 {[%clk 0:00:57]}  Bxf3 {[%clk 0:10:51]} 31. exf3 {[%clk 0:01:22]}  Be5 {[%clk 0:10:42]} 32. Rg1 {[%clk 0:00:59]}  Bf4+ {[%clk 0:10:32]} 33. Kd1 {[%clk 0:01:27]}  Kf7 {[%clk 0:05:58]} 34. Bc1 {[%clk 0:00:34]}  Bxc1 {[%clk 0:05:24]} 35. Kxc1 {[%clk 0:01:03]}  Re1+ {[%clk 0:05:46]} 36. Rxe1 {[%clk 0:01:32]}  Rxe1+ {[%clk 0:06:10]} 37. Kb2 {[%clk 0:02:01]}  Rd1 {[%clk 0:05:53]} 38. Kc2 {[%clk 0:02:08]}  Rh1 {[%clk 0:06:10]} 39. b4 {[%clk 0:02:36]}  cxb4 {[%clk 0:05:16]} 40. Kb3 {[%clk 0:03:05]}  Rb1+ {[%clk 0:01:51]} 41. Kc2 {[%clk 0:03:35]}  Rh1 {[%clk 0:02:08]} 42. Kb3 {[%clk 0:04:04]}  Rb1+ {[%clk 0:02:14]} 43. Kc2 {[%clk 0:04:33]}  Ra1 {[%clk 0:02:13]} 44. Kb3 {[%clk 0:04:59]}  Ra3+ {[%clk 0:02:15]} 45. Kxb4 {[%clk 0:05:29]}  Rxd3 {[%clk 0:02:37]} 46. c5 {[%clk 0:05:54]}  dxc5+ {[%clk 0:02:45]} 47. Kxc5 {[%clk 0:06:23]}  Kf6 {[%clk 0:02:55]} 48. Kc4 {[%clk 0:03:30]}  Rd1 {[%clk 0:03:18]} 49. Ra2 {[%clk 0:03:56]}  Kf5 {[%clk 0:01:38]} 50. Ra6 {[%clk 0:04:16]}  Rf1 {[%clk 0:00:57]} 51. h5 {[%clk 0:03:05]}  gxh5 {[%clk 0:00:43]} 52. Kxd4 {[%clk 0:02:27]}  Rxf3 {[%clk 0:00:57]} 53. Rxh6 {[%clk 0:02:53]}  Kg5 {[%clk 0:01:02]} 54. Rh8 {[%clk 0:03:19]} 1/2-1/2